Geometry Dash Extreme Demon's - Statistics

General Stats
  • This quiz has been taken 14 times
  • The average score is 20 of 115
Answer Stats
No Hint's. Answer % Correct
sb Bloodbath
91%
bhjce Tidal Wave
82%
hbfr Acheron
73%
ehb Avernus
64%
fvehj Bloodlust
64%
eri Cataclysm
64%
mfr Sonic Wave
64%
hr Acu
55%
behjm Conical Depression
45%
bjrh Kyouki
45%
rekj Sakupen Circles
45%
rebh | th Silent Club
45%
rnfm Silent Clubstep
45%
vhed Slaughterhouse
45%
jefk Tartarus
45%
bhukr Zodiac
45%
ghj Erebus
36%
qhg Kenos
36%
eghwj LIMBO
36%
hge Phobos
36%
pe Sakupen Hell
36%
mf Yatagarasu
36%
frio Aftermath
27%
fh arcturus
27%
djedjh | frbhjerh Deimos
27%
bhjrma Nullscapes
27%
peo Plasma Pulse Finale
27%
erhj Saul Goodman
27%
beh Sonic Wave Rebirth
27%
rjk The Golden
27%
fbrhg The Lightning Rod
27%
jbe Tunnel of Despair
27%
fyuks Artificial Ascent
18%
jhke Belladonna
18%
fucl Congregation
18%
fucf Digital Descent
18%
jkhc Firework
18%
herwki Kocmoc
18%
webjh Menace
18%
fejkh MINUSdry
18%
poo Poocubed
18%
efowp Red World
18%
dejk Red World Rebirth
18%
rfjb Solar Flare
18%
ra The Hallucination
18%
erhj The Yandere
18%
rki The Yangire
18%
eghj Trueffet
18%
hjre xo
18%
ewhjkw Black Blizzard
9%
bhje Citra
9%
fwhjk Climax
9%
rk Cognition
9%
bmfe COMBUSTION
9%
ednm Critical Heat
9%
hjvr Dry Out Copyable 2
9%
jhk Edge of Destiny
9%
ker Eyes in the Water
9%
efbj Heartbeat
9%
vhr Jigsaw
9%
bjhr Keres
9%
fbm Mayhem
9%
hjkdf Natural Disaster
9%
hjaj Oblivion
9%
qu UNKNOWN
9%
erhjr Verdant Landscape
9%
hkj Viprin UFO
9%
qp Walter White
9%
ewjilf ZAPHKIEL
9%
quq Acropolis
0%
felj Aronia
0%
fj Asterios
0%
hejk Atmos
0%
jkh Atmosphere
0%
rj BarbarosFinaleFinale
0%
fr Cicatrize
0%
hjr Coalescence
0%
efbn Codependence
0%
rjk Cosmic Cyclone
0%
ewjfk Devil Vortex
0%
wf Excruciation Chamber
0%
ker Fog
0%
fhw Gamma
0%
jbhr Gustavo Fring
0%
hgej Hatred
0%
hj Horros
0%
kjer Instinct
0%
frn IthacropoliX
0%
frkj Jamboree
0%
hef Jesse Pinkman
0%
herj Kappa
0%
dgy Knights of Thunder
0%
rfehjk KOSETSU
0%
ewfh Mewnel
0%
dehgj Necropolis
0%
emnfr Nhelv
0%
kw Omega Interface
0%
mbdn Pandemonium
0%
jkc Promethean
0%
ghj PSYCHOPATH
0%
fehjw Ragnarok
0%
aks Rate Demon
0%
wut Shardscapes
0%
fejkh Shukketsu
0%
hjke Stereo Extremeness
0%
bhj SUPERHATEMEWORLD
0%
jg Terminux
0%
efbfvbn The Moon Below
0%
khewjk The Paroxysm of Rage
0%
hepl The Rupture
0%
dfi Trotil
0%
opo Twilight
0%
oq Violet Illusion
0%
No matching quizzes found
Score Distribution
Percent of People with Each Score
Percentile by Number Answered
Your Score History
You have not taken this quiz